LEADER 01391nam2 22003373i 450 001 UTO0851648 005 20250627063503.0 010 $a9788846481177 100 $a20071019d2006 ||||0itac50 ba 101 | $aita 102 $ait 181 1$6z01$ai $bxxxe 182 1$6z01$an 200 1 $a40.*Rapporto sulla situazione sociale del paese 2006$fCENSIS, Centro studi investimenti sociali 210 $aRoma$cCENSIS$dstampa 2006 215 $aXXIII, 693 p.$d24 cm 300 $aAnnuale 300 $aSul front. : con il patrocinio del CNEL. 461 1$1001CFI0055660$12001 $aRapporto sulla situazione sociale del Paese$fpredisposto dal CENSIS, Centro studi investimenti sociali$v40 606 $aSocietà$xStato$2FIR$3NAPC220352$9I 676 $a361.6$9PROBLEMI SOCIALI E ASSISTENZA SOCIALE IN GENERALE - INTERVENTO PUBBLICO$v14 710 02$aCensis$3CFIV001456$4070$09271 791 02$aCentro studi investimenti sociali$3CFIV001458$zCensis 791 02$aFondazione Censis$3CFIV138870$zCensis 801 3$aIT$bIT-NA0079$c20071019 850 $aIT-BN0095 912 $aUTO0851648 950 2$aBiblioteca Centralizzata di Ateneo$c1 v.$d 01SALA 361.6 CEN.ra$e 0104 0000004495 N 1 v.$fT $h20071019$i20071019 977 $a 01 996 $aRapporto sulla situazione sociale del paese 2006$9108874 997 $aUNISANNIO